[Event "Hamburg-ch MB"]
[Site "Hamburg"]
[Date "2012.06.01"]
[Round "7"]
[White "Keuneke, Hanno"]
[Black "Mattiat, Kay"]
[Result "1/2-1/2"]
[WhiteElo "1773"]
[BlackElo "1569"]
[PlyCount "50"]
[EventDate "2012.05.26"]
[EventType "swiss"]
[EventRounds "9"]
[EventCountry "GER"]
[SourceTitle "CBM 148 Extra"]
[Source "ChessBase"]
[SourceDate "2012.06.22"]
[SourceVersion "1"]
[SourceVersionDate "2012.06.22"]
[SourceQuality "1"]

1. e4 e5 2. Nf3 Nc6 3. Bb5 a6 4. Ba4 Nf6 5. 0-0 Nxe4 6. d4 b5 7. Bb3 d5 8. dxe5 Be6 9. c3 Bc5 10. Nbd2 0-0 11. Nxe4 dxe4 12. Bxe6 Qxd1 13. Rxd1 fxe6 14. Nd4 Nxe5 15. Be3 Nc4 16. b4 Bb6 17. Nc2 Nxe3 18. Nxe3 Rad8 19. a3 Rd3 20. Rxd3 exd3 21. Rd1 Rd8 22. Ng4 Rd5 23. Kf1 e5 24. f3 Kf7 25. Nf2 Ke6 1/2-1/2

[Event "Hamburg-ch MB"]
[Site "Hamburg"]
[Date "2012.05.29"]
[Round "4"]
[White "Opasiak, Dustin Tennessee"]
[Black "Mattiat, Kay"]
[Result "1-0"]
[WhiteElo "1719"]
[BlackElo "1569"]
[PlyCount "85"]
[EventDate "2012.05.26"]
[EventType "swiss"]
[EventRounds "9"]
[EventCountry "GER"]
[SourceTitle "CBM 148 Extra"]
[Source "ChessBase"]
[SourceDate "2012.06.22"]
[SourceVersion "1"]
[SourceVersionDate "2012.06.22"]
[SourceQuality "1"]

1. e4 e5 2. Nf3 Nc6 3. Bb5 a6 4. Ba4 Nf6 5. d3 b5 6. Bb3 Bc5 7. 0-0 0-0 8. c3 d5 9. Qe2 Re8 10. Bg5 dxe4 11. dxe4 Be6 12. Rd1 Qe7 13. Nbd2 Rad8 14. Bc2 Rd6 15. h3 Red8 16. a4 b4 17. Nc4 Bxc4 18. Qxc4 Na5 19. Qe2 Qe6 20. Bxf6 Qxf6 21. Rxd6 Qxd6 22. Rd1 Qf6 23. Rxd8+ Qxd8 24. Nxe5 bxc3 25. bxc3 Qf6 26. Nd7 Qxc3 27. Nxc5 Qxc5 28. Qxa6 g6 29. Qd3 Nc6 30. g4 Nb4 31. Qd8+ Kg7 32. Bb3 Qe5 33. Qd7 Qf6 34. Bxf7 Qxf7 35. Qd4+ Qf6 36. Qxb4 Qa1+ 37. Kg2 c5 38. Qxc5 Qxa4 39. Qe7+ Kg8 40. g5 Qd1 41. Qe8+ Kg7 42. Qe5+ Kg8 43. Qd5+ 1-0

[Event "Hamburg-chB"]
[Site "Hamburg"]
[Date "2010.05.26"]
[Round "6.7"]
[White "Stolzenwald, Frank"]
[Black "Mattiat, Kay"]
[Result "0-1"]
[WhiteElo "1369"]
[BlackElo "1500"]
[PlyCount "102"]
[EventDate "2010.05.22"]
[EventType "swiss"]
[EventRounds "9"]
[EventCountry "GER"]
[SourceTitle "EXT 2011"]
[Source "ChessBase"]
[SourceDate "2010.11.26"]
[SourceVersion "1"]
[SourceVersionDate "2010.11.26"]
[SourceQuality "1"]

1. d4 d5 2. a4 Bf5 3. e3 Nc6 4. c3 e6 5. Bd3 Nge7 6. b3 g6 7. Ba3 Bxd3 8. Qxd3 Bg7 9. Nd2 0-0 10. Ne2 Re8 11. 0-0 e5 12. f3 Nf5 13. e4 Nfe7 14. exd5 Qxd5 15. c4 Qd7 16. d5 e4 17. fxe4 Bxa1 18. Rxa1 Nc8 19. Bb2 Ne5 20. Qc3 Qg4 21. Nf3 f6 22. Ng3 Nd6 23. h3 Qxg3 24. Nxe5 Qxc3 25. Bxc3 fxe5 26. Re1 b6 27. Kf2 Rac8 28. Ke3 c5 29. a5 Re7 30. Kd3 Rf8 31. b4 Rf2 32. Rg1 Kf7 33. Be1 Rb2 34. Bh4 Re8 35. Rf1+ Kg8 36. Rf6 Nf7 37. axb6 axb6 38. Rxb6 g5 39. Be1 cxb4 40. c5 Rxg2 41. Bxb4 Rg3+ 42. Ke2 Rxh3 43. d6 Rd8 44. Rb7 g4 45. Rxf7 Kxf7 46. c6 Ke6 47. d7 Rxd7 48. cxd7 Kxd7 49. Kf2 Rf3+ 50. Kg2 h5 51. Bf8 Rxf8 0-1

[Event "Hamburger Liga Aufstieg"]
[Site "Hamburg"]
[Date "2007.09.01"]
[Round "6.20"]
[White "Mattiat, Kay"]
[Black "Grube, Bernd"]
[Result "0-1"]
[WhiteElo "1588"]
[BlackElo "1328"]
[PlyCount "56"]
[EventDate "2007.08.13"]
[EventType "swiss"]
[EventRounds "7"]
[EventCountry "GER"]
[SourceTitle "EXT 2022"]
[Source "ChessBase"]
[SourceDate "2021.10.06"]
[SourceVersion "1"]
[SourceVersionDate "2021.10.06"]
[SourceQuality "1"]

1. e4 c5 2. Nf3 Nc6 3. d4 cxd4 4. Nxd4 Nf6 5. Nc3 a6 6. Be2 e6 7. a3 Be7 8. Be3 d5 9. e5 Nxe5 10. 0-0 0-0 11. f4 Nc6 12. b4 Nxd4 13. Bxd4 Bd7 14. Qe1 Ne4 15. Nxe4 dxe4 16. Bc4 Bc6 17. Rd1 Bd5 18. Qg3 f6 19. Be2 Qc7 20. Rc1 b5 21. f5 Qxg3 22. hxg3 e5 23. Bb6 Rfc8 24. Rfd1 Bc4 25. Bxc4+ Rxc4 26. Rd7 Kf8 27. Kf2 Rac8 28. Ra7 Rxc2+ 0-1

[Event "Hamburger Liga Aufstieg"]
[Site "Hamburg"]
[Date "2007.08.19"]
[Round "3.11"]
[White "Soltau, Achim"]
[Black "Mattiat, Kay"]
[Result "1-0"]
[WhiteElo "1941"]
[BlackElo "1588"]
[PlyCount "53"]
[EventDate "2007.08.13"]
[EventType "swiss"]
[EventRounds "7"]
[EventCountry "GER"]
[SourceTitle "EXT 2022"]
[Source "ChessBase"]
[SourceDate "2021.10.06"]
[SourceVersion "1"]
[SourceVersionDate "2021.10.06"]
[SourceQuality "1"]

1. c4 c5 2. Nf3 Nf6 3. g3 Nc6 4. Bg2 d5 5. 0-0 dxc4 6. Na3 e5 7. Nxc4 Qc7 8. d3 Be6 9. Qa4 Bxc4 10. dxc4 Bd6 11. Bg5 0-0-0 12. Nd2 Kb8 13. Ne4 Be7 14. Nc3 a6 15. Bxf6 gxf6 16. Nd5 Qd6 17. Rfd1 Qe6 18. a3 f5 19. b4 e4 20. e3 Ne5 21. b5 Rd6 22. Rab1 Rhd8 23. bxa6 Rxa6 24. Qb5 Rd7 25. Rdc1 Rxa3 26. Nb6 Rc7 27. Qe8+ 1-0